Statistiques concernant Pays modernes de l'Autriche-Hongrie sur une carte

Cliquez ici pour prendre le quiz!

Statistiques générales

  • Ce quiz a été pris 2,170 fois
  • Le résultat moyen est 12 sur 13

Statistiques - réponses

Réponses % Correct
Autriche
99%
Croatie
99%
Hongrie
98%
Slovaquie
97%
Slovénie
97%
République-Tchèque
95%
Bosnie-Herzégovine
94%
Roumanie
92%
Serbie
92%
Pologne
85%
Ukraine
84%
Monténégro
81%
Italie
80%

Distribution des résultats

Percentile par nombre de réponses

% des personnes avec chaque résultat

Votre développement - résultats

Vous n’avez pas pris ce quiz